000 01110nam a22003377a 4500
003 CHAP
005 20220817041925.0
008 971013s1972 r 00010 d
010 _a28857
011 _a29829
035 _a33940
040 _cCHAP
082 _a080
_bS4 v.35
100 0 0 _aLeander, Birgitta.
_965329
245 _aHerencia cultural del mundo náhuatl a través de la lengua
260 _aMéxico :
_bSecretaría de Educación Pública,
_c1972
300 _a286 p.
490 _aSEP. Setentas
_v; 35
590 _aBATCH-UPD
_b10
_c20130109
_lUCH01
_h2337
590 _aBATCH-UPD
_b10
_c20130110
_lUCH01
_h0905
590 _aBATCH-UPD
_b10
_c20130410
_lUCH01
_h0532
590 _aBATCH-UPD
_b10
_c20130914
_lUCH01
_h1632
590 _aCONVERSION
_b10
_c20130109
_lUCH01
_h1317
650 1 4 _aIndios de México
_xCultura.
_957627
650 1 4 _aNáhuatl.
_981494
830 0 _aSEP. Setentas
_v; 35
901 _aBK
942 _cLIBRO
949 _a080 S4 v.35
_bBC
_cLIBRO
_d-78741
_eLIBRO
_h29054
_i33940
_mD
_si
_t10.00
949 _a080 S4 v.35
_bBC
_cLIBRO
_d-78742
_eLIBRO
_fc.2
_h43041
_i33940
_mD
_si
_t10.00
999 _c28857
_d28857